000 00649nam a2200253Ia 4500
003 OSt
005 20221005063521.0
006 a|||||r|||| 00| 0
007 ta
008 221004b |||||||| |||| 00| 0 eng d
020 _a0300031602
024 _a40879
037 _cTextual
040 _aCRL
_cCRL
_beng
041 _2eng
_aeng
082 _aO111:g, M4
100 _aEttin Andrew V
245 0 _aLiterature and the pastoral
260 _aLondon
_bYale University UK
_c1984
300 _axi, 199p
_ccm.
650 _aENGLISH LITERATURE
942 _hO111:g, M4
_cTEXL
_2cc
999 _c971551
_d971551